000 03139nam0a2200421 4500
001 RU\NLR\bibl\1521891
005 20260405102515.0
010 _a978-5-89070-726-0
_9300
021 _aRU
_b2010-34795
_92332
035 _a(nilc)RSL-KNO-004643018
035 _a(NLR Aleph) 001513250
090 _a93929
_c93929
100 _a20100513d2010 |||y0rusy50 ca
101 0 _arus
102 _aRU
105 _aab zzzz|||||
200 1 _aПрикладная геодинамика
_eучебное пособие для студентов вузов, обучающихся по специальностям "Физические процессы горного или нефтегазового производства" и "Маркшейдерское дело" направления подготовки "Горное дело"
_fВ.В. Иванов, Р.В. Бузук, В.Н. Ардеев
_gпод общ. ред. засл. деятеля науки Рос. Федерации, проф. д.т.н. В.А. Хямяляйнена
_gФедеральное агентство по образованию, Гос. образовательное учреждение высш. проф. образования "Кузбасский гос. технический ун-т"
210 _aКемерово
_cКузбасский государственный технический университет
_d2010
215 _a125 с.
_cил., цв. ил., карт.
_d21
309 _a1-й экз. книги в мягком переплете, 2-й экз. - в твердом
320 _aБиблиогр.: с. 120-122 (36 назв.)
606 1 _aПрикладная геодинамика
_jУчебные издания для высших учебных заведений
_92599841
_3RU\NLR\auth\661536399
610 0 _aНауки о Земле (геодезические, геофизические, геологические и географические науки) -- Региональный раздел наук о Земле -- Российская Федерация -- Кемеровская область -- Геологическая характеристика -- Тектоника -- Учебник для высшей школы
610 0 _aНауки о Земле -- Геологические науки -- Тектоника -- Тектонические движения земной коры -- Учебник для высшей школы
686 _aД9(2Р53-4Ке)39я73-1
_2rubbk
686 _aД392я73-1
_2rubbk
686 _aД38я73
700 1 _4070
_8rus
_7ca
_aИванов
_bВ. В.
_cд-р техн. наук, геодинамика
_gВадим Васильевич
_3RU\NLR\AUTH\7738240
_921224
701 1 _aБузук
_bР. В.
_gРостислав Вячеславович
_4070
701 1 _aАрдеев
_bВ. Н.
_gВалерий Николаевич
_4070
801 0 _aRU
_bРГБ
_c20100513
_grcr
801 1 _aRU
_bРГБ
_c20100513
801 2 _aRU
_bNLR
_c20100610
_grcr
942 _cBOOK
980 _aNB
980 _aNBR